Navigating the geoscience information landscape : pathways to success : proceedings of the 44th Meeting of the Geoscience Information Society, October 18-21, 2009, Portland, Oregon, USA /

Bibliographic Details
Corporate Author: Geoscience Information Society. Meeting
Other Authors: Foote, Jody Bales
Format: Book
Language:English
Published: Alexandria, VA : Geoscience Information Society, [2011]
Series:Proceedings (Geoscience Information Society) ; v. 40.
Subjects:

MARC

Tag First Indicator Second Indicator Subfields
LEADER 00000cam a2200000Ia 4500
001 in00002736921
005 20151202152135.0
008 110627s2011 vauab b 101 0 eng d
020 |a 9780934485432 
020 |a 0934485437 
035 |a (OCoLC)ocn733093679 
035 |a (OCoLC)733093679 
040 |a GIKBM  |c GIKBM  |d YDXCP  |d UMC  |d CRU  |d WAU  |d TXA  |d UtOrBLW 
049 |a TXAM 
050 4 |a QE48.8  |b .G46 2009 
110 2 |a Geoscience Information Society.  |b Meeting  |n (44th :  |d 2009 :  |c Portland, Or.) 
245 1 0 |a Navigating the geoscience information landscape :  |b pathways to success : proceedings of the 44th Meeting of the Geoscience Information Society, October 18-21, 2009, Portland, Oregon, USA /  |c edited by Jody Bales Foote. 
246 3 0 |a Pathways to success 
246 3 0 |a Proceedings of the 44th Meeting of the Geoscience Information Society, October 18-21, 2009, Portland, Oregon 
264 1 |a Alexandria, VA :  |b Geoscience Information Society,  |c [2011] 
264 4 |c ©2011 
300 |a [vi], 142 pages :  |b illustrations, maps ;  |c 28 cm. 
336 |a text  |b txt  |2 rdacontent 
337 |a unmediated  |b n  |2 rdamedia 
338 |a volume  |b nc  |2 rdacarrier 
490 1 |a Proceedings / Geoscience Information Society,  |x 0072-1409 ;  |v v. 40 
504 |a Includes bibliographical references and index. 
650 0 |a Communication in geology  |v Congresses. 
650 0 |a Geology  |x Computer network resources  |v Congresses. 
650 0 |a Geology  |x Information services  |v Congresses. 
700 1 |a Foote, Jody Bales. 
830 0 |a Proceedings (Geoscience Information Society) ;  |v v. 40. 
948 |a cataloged  |b h  |c 2012/4/5  |d c  |e jgreene  |f 3:51:54 pm 
994 |a C0  |b TXA 
999 |a MARS 
999 f f |s 62b9a277-b842-3990-8231-50535a82a53d  |i 3fd0bf59-f720-3884-aa02-1d7d6e2123da  |t 0 
952 f f |p ric  |a Texas A&M University  |b Rellis Campus  |c Joint Library Facility  |s JLF  |d Remote Storage  |t 0  |e QE48.8 .G46 2009  |h Library of Congress classification  |i unmediated -- volume  |m A14837881044 
998 f f |a QE48.8 .G46 2009  |t 0  |l Remote Storage